La integración latinoamericana: visiones regionales y subregionales /
में बचाया:
| मुख्य लेखक: | |
|---|---|
| अन्य लेखक: | |
| स्वरूप: | अज्ञात |
| प्रकाशित: |
San José:
Juricentro. OBREAL. FLACSO
|
| विषय: | |
| टैग: |
टैग जोड़ें
कोई टैग नहीं, इस रिकॉर्ड को टैग करने वाले पहले व्यक्ति बनें!
|
MARC
| LEADER | 00000 a2200000 04500 | ||
|---|---|---|---|
| 001 | 35884 | ||
| 003 | |||
| 008 | 991231s d | ||
| 040 | |||
| 090 | |a 0001 S687i | ||
| 100 | |a Solís, Luis Guillermo | ||
| 245 | |a La integración latinoamericana: visiones regionales y subregionales / |c Luis Guillermo Solís | ||
| 260 | |a San José: |b Juricentro. OBREAL. FLACSO | ||
| 300 | |a 378 p. | ||
| 650 | |a INTEGRACION REGIONAL | ||
| 650 | |a COMERCIO INTERNACIONAL | ||
| 650 | |a POLTICA EXTERIOR | ||
| 650 | |a CHILE | ||
| 650 | |a UNION EUROPEA | ||
| 650 | |a AMERICA LATINA | ||
| 650 | |a EXPORTACIONES | ||
| 700 | |a | ||
| 700 | |a Rojas Aravena, Francisco | ||
| 700 | |a | ||
| 999 | |c 11827 |d 11827 | ||
